000 00331 a2200109 4500
001 ART_12561
005 20260410161907.0
008 260409a
245 1 0 _aIncome Distribution and Self-Rated Happiness
100 1 _aMorawetz, David
773 0 _tThe Economic Journal
_g- Vol. 97, NÂș 347 (set. 1977)
_wREV12512
999 _c26456
_d26456